00531nam a2200193 a 4500001001300000003000900013005001700022008004100039020002400080082001500104100002400119245004800143260003700191300000900228500003500237505001700272650002400289700002400313nice12345678IN_TiNIC20260116014821.0050524s2002 dela grp 000 0 eng  a0748621 c119500a200.1bCRA aCraig, William Lane aPhilosophy of Religionb a Reader and Guide aDelhibMittal Publication c2002 a634p aincludes index and biblioraphy2 aBibliography aReligion-Philosophy1 aCraig, William Lane